000 00706nam a22002297a 4500
999 _c16238
_d16238
003 AR-CdUCM
008 190502b ||||| |||| 00| 0 spa d
040 _aMUNICIPALIDAD PROVINCIAL DEL CUSCO
_cBIBLIOTECA MUNICIPAL DEL CUSCO
082 _a891.403 /
_bZ18
100 _aZharikov, Leonid
_935567
245 _aUn amigo severo /
260 _aBuenos Aires :
_bEl Barrilete,
_c1957.
300 _a300 páginas ;
_c20.5 cm.
440 _aMil episodios ;
_935568
505 _aContenido: Cadenas -- La tormenta.
650 _aLiteratura rusa
_99988
650 _aNovelas
_9218
650 _aSiglo XX.
_98
700 _aStvetlofe, G. (traductor)
_935569
942 _2ddc
_cLIBROS
945 _aacv
_d2019-05-02